000
00317nam a2200133Ia 4500
005
20251222155038.0
008
251222s9999||||xx |||||||||||||| ||spa||
082
_a
ETI.249
100
_a
Adriano Terrarán
245
0
_a
Acompañamiento a los que sufren
250
_a
1ra. ed.
264
_b
SF.Editores
942
_c
LIB
999
_c
36805
_d
36805